El "cyperus rotundus" L. y su eliminación por herbicidas / (Record no. 28448)

MARC details
000 -LEADER
campo de control de longitud fija 00913nam a2200229 i 4500
001 - NÚMERO DE CONTROL
campo de control 28448
003 - IDENTIFICADOR DE NÚMERO DE CONTROL
campo de control ES-MaACL
005 - FECHA Y HORA DE LA ÚLTIMA TRANSACCIÓN
campo de control 20250728223042.0
007 - CAMPO FIJO DE DESCRIPCIÓN FÍSICA--INFORMACIÓN GENERAL
campo de control de longitud fija t|
008 - DATOS DE LONGITUD FIJA--INFORMACIÓN GENERAL
campo de control de longitud fija 030117s1961 sp ||||1| spa d
100 1# - ENTRADA PRINCIPAL--NOMBRE DE PERSONA
Nombre de persona Bara Temes, Salvador.
9 (RLIN) 25274
245 13 - MENCIÓN DEL TÍTULO
Título El "cyperus rotundus" L. y su eliminación por herbicidas /
Mención de responsabilidad, etc. por Salvador Bara Temes y Andrés Ceballos Jiménez.
260 ## - PUBLICACIÓN, DISTRIBUCIÓN, ETC.
Lugar de publicación, distribución, etc. [S.l. :
Nombre del editor, distribuidor, etc. s.n.,
Fecha de publicación, distribución, etc. 1961] (
Lugar de fabricación/manufactura Madrid :
Fabricante Tip. Alameda)
300 ## - DESCRIPCIÓN FÍSICA
Extensión 36 p. :
Otras características físicas il. ;
Dimensiones 24 cm.
594 ## - Nota al título y mención de responsabilidad
Nota al título y mención de responsabilidad Precede al tít.: Ministerio de Agricultura. Dirección General de Montes, Caza y Pesca Fluvial. Instituto Forestal de Investigaciones y Experiencias.
650 #4 - PUNTO DE ACCESO ADICIONAL DE MATERIA--TÉRMINO DE MATERIA
Término de materia o nombre geográfico como elemento de entrada Plagas del campo.
9 (RLIN) 136703
700 1# - ENTRADA AGREGADA--NOMBRE PERSONAL
Nombre de persona Ceballos Jiménez, Andrés
9 (RLIN) 37278
710 2# - ENTRADA AGREGADA--NOMBRE DE ENTIDAD CORPORATIVA
Nombre de entidad corporativa o nombre de jurisdicción como elemento de entrada Instituto Forestal de Investigaciones y Experiencias.
9 (RLIN) 5059
852 ## - LOCALIZACIÓN
Ubicación ES-MaACL
Número de control de estantería 2022-F-10
852 ## - LOCALIZACIÓN
Ubicación ES-MaACL
Número de control de estantería 2022-F-9
Holdings
Estatus retirado Estado de pérdida Estado de daño No para préstamo Colección Biblioteca de origen Biblioteca actual Ubicación en estantería Fecha de adquisición Fuente de adquisición Total de préstamos Signatura topográfica completa Código de barras Visto por última vez Precio de reemplazo Tipo de ítem Koha
        Colección de folletos Biblioteca del Ateneo de Madrid Biblioteca del Ateneo de Madrid Depósito folletos 17/01/2008     2022-F-9 1029369 23/02/2023 23/02/2023 Folleto
        Colección de folletos Biblioteca del Ateneo de Madrid Biblioteca del Ateneo de Madrid Depósito folletos 17/01/2008     2022-F-10 1029368 23/02/2023 23/02/2023 Folleto